Happy burger / (Record no. 9325)

MARC details
000 -LEADER
fixed length control field 00745nam a22002537a 4500
001 - CONTROL NUMBER
control field 9325
003 - CONTROL NUMBER IDENTIFIER
control field FISKH
005 - DATE AND TIME OF LATEST TRANSACTION
control field 20251211081827.0
008 - FIXED-LENGTH DATA ELEMENTS--GENERAL INFORMATION
fixed length control field 251211b cb ||||| |||| 00| 0 eng d
020 ## - INTERNATIONAL STANDARD BOOK NUMBER
International Standard Book Number 9780545342339
040 ## - CATALOGING SOURCE
Original cataloging agency FISKH
Language of cataloging eng
Transcribing agency FISKH
Modifying agency FISKH
050 ## - LIBRARY OF CONGRESS CALL NUMBER
Classification number PZ7
082 ## - DEWEY DECIMAL CLASSIFICATION NUMBER
Classification number 416
100 ## - MAIN ENTRY--PERSONAL NAME
Personal name Ranberg, Chuck
Relator term Author
245 ## - TITLE STATEMENT
Title Happy burger /
Statement of responsibility, etc. A play by Chuck Ranberg and Patrick Daley
260 ## - PUBLICATION, DISTRIBUTION, ETC.
Place of publication, distribution, etc. New York :
Name of publisher, distributor, etc. Scholastic Inc. ,
Date of publication, distribution, etc. 1991
300 ## - PHYSICAL DESCRIPTION
Extent 22 pages :
Other physical details illustrations ;
Dimensions 21 cm
505 ## - FORMATTED CONTENTS NOTE
Formatted contents note NP<br/>
520 ## - SUMMARY, ETC.
Summary, etc. Scott needs money in order to take a girl out on a date, so he finds a job at a fast food restaurant.
521 8# - TARGET AUDIENCE NOTE
Target audience note NP<br/>
Source Lexile<br/>
650 ## - SUBJECT ADDED ENTRY--TOPICAL TERM
Topical term or geographic name entry element Play
Form subdivision Working
942 ## - ADDED ENTRY ELEMENTS (KOHA)
Source of classification or shelving scheme Dewey Decimal Classification
Koha item type Books
Suppress in OPAC No
Holdings
Withdrawn status Lost status Source of classification or shelving scheme Damaged status Not for loan Collection Home library Current library Shelving location Date acquired Total Checkouts Full call number Barcode Date last seen Copy number Price effective from Koha item type
    Dewey Decimal Classification     Juvenile Fiction Footprints International School Library Network Toul Tom Poung Campus Footprints International School Library Network Toul Tom Poung Campus TTP Primary Green Bookshelves 12/11/2025   RAN 416 PZ7 FISSE01375 12/11/2025 1 12/11/2025 Books